Music Quiz

Random Music or Song Quiz

Playful Songs Quiz Stats

Quiz Updated Mar 31, 2014

Also try: Drinking Songs
Challenge
Share
Tweet
Embed
Score 0/25 Timer 08:00
1 Play Today
% Correct
Roulette
95.5%
Xbox
88.6%
Golf
88.2%
Bowling
87.4%
Swimming
81.1%
Skydiving
77.4%
Black Jack
75.3%
Pool
72.4%
Sailing
68.9%
Double Dutch
68.7%
Football
66.7%
Tennis
63.5%
Uno
60.6%
% Correct
Checkers
56.5%
Three Card Monte
54.7%
Poker
49.6%
Basketball
49.6%
Risk
48.3%
Tag
46.7%
Hide and Seek
45.1%
Baseball
42.8%
Fishing
41.2%
Darts
40%
Solitaire
39.6%
Chinese Checkers
36.7%

You're not logged in!

Compare scores with friends on all Sporcle quizzes.
Sign Up with Email
OR
Log In

You Might Also Like...

Show Comments

Extras

Top Quizzes Today


Score Distribution

Your Account Isn't Verified!

In order to create a playlist on Sporcle, you need to verify the email address you used during registration. Go to your Sporcle Settings to finish the process.